000 00518nam a22001697a 4500
003 PILC
005 20160118080326.0
008 160118b xxu||||| |||| 00| 0 eng d
050 _aBF 1
_b.K65 2015
100 _aKline, Nancy.
245 _aMore time to think :
_bthe power of independent thinking /
_cNancy Kline.
260 _aNew York :
_bCassell Illustrated,
_c2015.
300 _a287 pages ;
_c24 cm.
500 _aIncludes bibliographical references and indexes.
650 _aThinking.
942 _2lcc
_cBK
_kFOR
999 _c290412
_d290412